000 00700nam a2200217 a 4500
005 20140311163028.0
008 090807s19uu xx 00 eng d
020 _a9789712720123BP
020 _a9789712720079NP
050 _aPN 1992.94
_b.C355Sp 2008
100 _aCasul, Melanie
245 _aThe media kit :
_ba frame by frame guide to visual production (book 1 scriptwriting and preproduction) /
_cMelanie Casul
260 _aManila :
_bAnvil Publishing,
_c2008.
300 _a132 p. :
_bill. ;
_c23 cm.
521 _aMC
650 _aMotion picture authorship
_xHandbooks, manuals, etc.
700 _aGarcia, Jag
700 _aLim, Michael Kho
942 _cBK
_2lcc
_kLOC
999 _c39584
_d39584